Normal view MARC view

Entry Nombre personal

Number of records used in: 4

001 - NÚMERO DE CONTROL

  • campo de control: 1123

003 - IDENTIFICADOR DE NÚMERO DE CONTROL

  • campo de control: DLC

005 - FECHA Y HORA DE LA ÚLTIMA TRANSACCIÓN

  • campo de control: 20260425085905.0

008 - ELEMENTOS DE DATO DE LONGITUD-FIJA

  • campo de control de longitud fija: 781220n| azannaabn |b aaa

010 ## - NÚMERO DE CONTROL DE LA BIBLIOTECA DEL CONGRESO

  • Número de control de LC: n 78095761

035 ## - NÚMERO DE CONTROL DEL SISTEMA

  • Número de control de sistema: (OCoLC)oca00230826

040 ## - FUENTE DE CATALOGACIÓN

  • Centro catalogador/agencia de origen: DLC
  • Lengua de catalogación: eng
  • Normas de descripción: rda
  • Centro/agencia transcriptor: DLC
  • Centro/agencia modificador: DLC
  • Centro/agencia modificador: OCoLC
  • Centro/agencia modificador: DLC
  • Centro/agencia modificador: ICrlF
  • Centro/agencia modificador: GVaS
  • Centro/agencia modificador: ScU

046 ## - FECHAS CON CODIFICACIÓN ESPECIAL

  • Fecha de nacimiento: 1924-03-05
  • Fecha de la muerte: 2008-12-21
  • Fuente del esquema de fecha: edtf

100 1# - ENCABEZAMIENTO-NOMBRE DE PERSONA

  • Nombre de persona: Hibbert, Christopher,
  • Fechas asociadas al nombre: 1924-2008

370 ## - LUGAR ASOCIADO

  • Lugar de nacimiento: Leicestershire (England)
  • Lugar de fallecimiento: Henley-on-Thames (England)
  • País asociado: Great Britain
  • Fuente del término: naf

372 ## - CAMPO DE ACTIVIDAD

  • Campo de actividad: Biography
  • Campo de actividad: Great Britain--History
  • Fuente del término: lcsh

374 ## - OCUPACIÓN

  • Ocupación: Historians
  • Ocupación: Authors
  • Ocupación: Biographers
  • Fuente del término: lcsh

377 ## - IDIOMA ASOCIADO

  • Código del idioma: eng

400 1# - TRAZADO DE VÉASE--NOMBRE DE PERSONA

  • Nombre de persona: Hibbert, Arthur Raymond,
  • Fechas asociadas al nombre: 1924-2008

400 1# - TRAZADO DE VÉASE--NOMBRE DE PERSONA

  • Nombre de persona: Хибберт, Кристофер,
  • Fechas asociadas al nombre: 1924-2008

670 ## - FUENTE DE DATOS ENCONTRADOS

  • Cita de la fuente: His The road to Tyburn, 1957.

670 ## - FUENTE DE DATOS ENCONTRADOS

  • Cita de la fuente: Telegraph WWW site, Dec. 24, 2008
  • Información encontrada: (Christopher Hibbert; b. Mar. 5, 1924, Leicestershire; d. Dec. 21, aged 84; prolific popular historian who brought style and narrative pace to a wealth of subjects from Agincourt to Disraeli)

670 ## - FUENTE DE DATOS ENCONTRADOS

  • Cita de la fuente: New York times WWW site, Jan. 6, 2009
  • Información encontrada: (Christopher Hibbert; b. Arthur Raymond Hibbert, Enderby, Leicestershire; while in the army, he was called "Christopher Robin" by a sergeant-major, and the "Christopher" stuck; d. Dec. 21 [2008], Henley-on-Thames, aged 84; author of stylishly written, fast-paced histories and biographies)